Sensation : theme, promo & campaign graphics /

Bibliographic Details
Corporate Author: Sandu Publishing
Format: Book
Language:English
Published: [Guangzhou?] : Sandu, 2012.
Edition:1st ed.
Subjects:

MARC

Tag First Indicator Second Indicator Subfields
LEADER 00000cam a2200000Ia 4500
001 in00002786699
005 20151202171632.0
008 121009s2012 cc a 000 0 eng d
020 |a 9881570484 
020 |a 9789881570482 
035 |a (OCoLC)ocn812406792 
040 |a YDXCP  |c YDXCP  |d ORU  |d BWX  |d UtOrBLW 
049 |a TXAM 
090 |a NC998.4  |b .S46 2012 
245 0 0 |a Sensation :  |b theme, promo & campaign graphics /  |c [edited and produced by Sandu Publishing Co., Ltd.]. 
250 |a 1st ed. 
264 1 |a [Guangzhou?] :  |b Sandu,  |c 2012. 
300 |a 255 pages :  |b illustrations (some color) ;  |c 30 cm. 
336 |a text  |b txt  |2 rdacontent 
337 |a unmediated  |b n  |2 rdamedia 
338 |a volume  |b nc  |2 rdacarrier 
500 |a "Sponsored by Design 360°--concept and design magazine"--Title page verso. 
650 0 |a Graphic arts  |x History  |y 21st century. 
650 0 |a Commercial art  |x History  |y 21st century. 
650 0 |a Design  |x History  |y 21st century. 
710 2 |a Sandu Publishing. 
730 0 |a Design 360°. 
945 |a PromptCat  |b 115743 
946 |a stk 
947 |a A14836011735 
948 |a cataloged  |b h  |c 2012/12/7  |d c  |e dmitchel  |f 1:44:28 pm 
994 |a 92  |b TXA 
999 |a MARS 
999 f f |s b0eeacc1-9c82-35af-9e0b-b53d4cf12e5b  |i 265c28e0-bbf7-3076-a231-14d223881506  |t 0 
952 f f |p normal  |a Texas A&M University  |b College Station  |c Sterling C. Evans Library  |d Evans: Library Stacks  |t 0  |e NC998.4 .S46 2012  |h Library of Congress classification  |i unmediated -- volume  |m A14836011735 
998 f f |a NC998.4 .S46 2012  |t 0  |l Evans: Library Stacks